|
|
|
|
| LEADER |
00000nam2a2200000 4500 |
| 001 |
241786 |
| 005 |
20231101231837.0 |
| 010 |
|
|
|a 9785985890426
|
| 035 |
|
|
|a (RuTPU)RU\TPU\book\263075
|
| 035 |
|
|
|a RU\TPU\book\7257
|
| 035 |
|
|
|a RU\TPU\book\263073
|
| 090 |
|
|
|a 241786
|
| 100 |
|
|
|a 20130820d2010 k y0rusy50 ca
|
| 101 |
0 |
|
|a rus
|
| 102 |
|
|
|a RU
|
| 105 |
|
|
|a a z 001zy
|
| 200 |
0 |
|
|a Т. 2: Имплантаты с памятью формы в травматологии и ортопедии
|f Новокузнецкий государственный институт усовершенствования врачей (НГИУВ) ; Сибирский государственный медицинский университет (СибГМУ)
|
| 210 |
|
|
|d 2010
|
| 215 |
|
|
|a 281 с.
|
| 320 |
|
|
|a Библиогр.: с. 265-281.
|
| 330 |
|
|
|a Во 2-м томе многотомного издания по направлению «Медицинские материалы и имшгантаты с памятью формы», посвященного травматологии и ортопедии, представлены клинические результаты исследований оперативного и консервативного лечения повреждений и заболеваний опорно-двигательного аппарата с использованием нового класса имплантатов - имплантатов с памятью формы. Более чем тридцатилетний опыт применения новых технологий, на основе сверхэластичных материалов и имплантатов с памятью формы, при самой разнообразной патологии опорно-двигательного аппарата, убедительно показывает эффективность разработанных методов лечения. В книге представлены разработки доступные как опытным хирургам, так и практикующим травматологам, в особенности тем специалистам, которые ставят своей целью повысить эффективность и качество лечения. Созданные имплантаты не исчерпывают дальнейший поиск новых способов лечения на основе постоянно создаваемых материалов и имплантатов всё более близких по своим свойствам к тканям организма. Для научных сотрудников, врачей и студентов медицинских и технических ВУЗов.
|
| 461 |
|
1 |
|0 (RuTPU)RU\TPU\book\261032
|y 978-5-98589-036-5
|t Медицинские материалы и имплантаты с памятью формы
|o в 14 т.
|f Томский государственный университет (ТГУ), Сибирский физико-технический институт им. В. Д. Кузнецова (СФТИ), НИИ Медицинских материалов и имплантатов с памятью формы (НИИММ) ; под ред. В. Э. Гюнтера
|v Т. 2: Имплантаты с памятью формы в травматологии и ортопедии
|d 2009-2013
|
| 606 |
1 |
|
|a Имплантаты
|2 stltpush
|3 (RuTPU)RU\TPU\subj\71629
|9 85445
|
| 610 |
1 |
|
|a имплантаты с памятью формы
|
| 610 |
1 |
|
|a организм человека
|
| 610 |
1 |
|
|a ключица
|
| 610 |
1 |
|
|a плечо
|
| 610 |
1 |
|
|a повреждения
|
| 610 |
1 |
|
|a лечение
|
| 610 |
1 |
|
|a сверхэластичные имплантаты
|
| 610 |
1 |
|
|a сухожилия
|
| 610 |
1 |
|
|a никелид титана
|
| 610 |
1 |
|
|a костные ткани
|
| 610 |
1 |
|
|a реконструктивная хирургия
|
| 610 |
1 |
|
|a ортопедическое лечение
|
| 675 |
|
|
|a 615.4
|v 3
|
| 712 |
0 |
2 |
|a Новокузнецкий государственный институт усовершенствования врачей (НГИУВ)
|2 stltpush
|3 (RuTPU)RU\TPU\col\18916
|
| 712 |
0 |
2 |
|a Сибирский государственный медицинский университет (СибГМУ)
|c (Томск)
|c (1992- )
|2 stltpush
|3 (RuTPU)RU\TPU\col\1642
|
| 801 |
|
0 |
|a RU
|b 63413507
|c 20011209
|g PSBO
|
| 801 |
|
2 |
|a RU
|b 63413507
|c 20130902
|g PSBO
|
| 942 |
|
|
|c BK
|